000 00809nam0a22002411 4500
001 rc\189644
005 20260409063732.0
035 _a(NLR Aleph) 005446443
090 _a4811988
_c4811988
100 _a20030307d1996 |||y0rusy50 ca
101 0 _arus
102 _aRU
105 _ay |||||||||
200 1 _aСемейный кодекс Российской Федерации
_e[Принят Гос. Думой 8 дек. 1995 г.]
210 _aМ.
_cРеклам.-изд. фирма "Глория"
_d1996
215 _a62, [1] с.
_d20
740 1 _aРоссийская Федерация
_iСемейный кодекс
_tЗаконы
_9425365
_3RU\NLR\AUTH\880379487
801 0 _aRU
_bNLR
_gpsbo
801 1 _aRU
_bELAR
_2rusmarc
852 _aNLR
_j96-6/413
942 _cBOOK
980 _aNB